00182nam a2200085Ia 4500100000900000245005600009260000900065082001000074546001200084 a#N/A aPractical Java Project for beginners - the team SPD b#N/A b21971 aENGLISH